Long-Term International Capital Movements and Technology : A Review /

This paper reviews the theoretical literature on the question of how long-term international capital movements depend on the international distribution of technology. It focuses on long-term investment flows, as these are more affected by international differences in technologies than short-term fin...

Descripció completa

Dades bibliogràfiques
Autor principal: Zebregs, Harm
Format: Revista
Idioma:English
Publicat: Washington, D.C. : International Monetary Fund, 1999.
Col·lecció:IMF Working Papers; Working Paper ; No. 1999/126
Accés en línia:Full text available on IMF
LEADER 01726cas a2200241 a 4500
001 AALejournalIMF001031
008 230101c9999 xx r poo 0 0eng d
020 |c 5.00 USD 
020 |z 9781451854886 
022 |a 1018-5941 
040 |a BD-DhAAL  |c BD-DhAAL 
100 1 |a Zebregs, Harm. 
245 1 0 |a Long-Term International Capital Movements and Technology :   |b A Review /  |c Harm Zebregs. 
264 1 |a Washington, D.C. :  |b International Monetary Fund,  |c 1999. 
300 |a 1 online resource (28 pages) 
490 1 |a IMF Working Papers 
500 |a <strong>Off-Campus Access:</strong> No User ID or Password Required 
500 |a <strong>On-Campus Access:</strong> No User ID or Password Required 
506 |a Electronic access restricted to authorized BRAC University faculty, staff and students 
520 3 |a This paper reviews the theoretical literature on the question of how long-term international capital movements depend on the international distribution of technology. It focuses on long-term investment flows, as these are more affected by international differences in technologies than short-term financial flows. International capital movements are investigated in the context of various technology specifications, ranging from models with only one common technology to those with multiple and endogenous technologies. The paper demonstrates that the theoretical specification of technology is crucial to the prediction of the size and direction of international capital movements. 
538 |a Mode of access: Internet 
830 0 |a IMF Working Papers; Working Paper ;  |v No. 1999/126 
856 4 0 |z Full text available on IMF  |u http://elibrary.imf.org/view/journals/001/1999/126/001.1999.issue-126-en.xml  |z IMF e-Library